000
00300nam a22001337a 4500
008
170602b xxu||||| |||| 00| 0 eng d
020
_a
9780813342023
041
_a
eng
080
_2
3 ED
_a
94(4)
100
_a
17
101
_a
SHH
245
_a
YHE EUROPENA UNION
_c
MCCORMICK.J
942
_2
udc
_c
BK
999
_c
15777
_d
15777